Quiz sul Kuwait - Statistics

Statistiche generali
  • Questo quiz è stato fatto 380 volte
  • Il punteggio medio è 13 su 17
Statistiche sulle risposte
Hint Risposta % Corretto
Lingua ufficiale Arabo
98%
Paesi confinanti Arabia Saudita
97%
Religione di stato Islam
95%
Golfo che bagna il Kuwait Golfo Persico
94%
Paesi confinanti Iraq
94%
Capitale Kuwait City
92%
Principale esportazione del Paese Petrolio
92%
Nazione dal quale il Kuwait ha ottenuto l'indipendenza nel 1960 Regno Unito
87%
Le donne hanno guadagnato il diritto di fare questo nel 2005 Votare
79%
Almeno 960.000 cittadini di questo paese vive nel Kuwait India
70%
Dittatore responsabile dell'invasione del Kuwait del 1990 Saddam Hussein
70%
Titolo del monarca del Kuwait Emiro
67%
Moneta del Kuwait Dinaro Kuwaitiano
63%
Il Kuwait è stato il primo Paese ad impiegare dei "fantini robot" in questo sport Corsa dei {Cammelli}
59%
Adorato animale nazionale Falco
51%
Tra i paesi > 1 milione di persone, il Kuwait ha il più alto tasso di ______, 37,9% Obesità
30%
Letto di torrente in cui scorre saltuariamente (o scorreva) un corso d'acqua Wadi (o Uadi)
25%
Nessun quiz corrispondente trovato
Distribuzione punteggi
Percentuale di utenti per punteggio
Percentile per numero di risposta
I tuoi punteggi nel tempo
Non hai fatto questo quiz